Introductory Statistics (Record no. 316018)

MARC details
000 -LEADER
fixed length control field 00413nam a2200169Ia 4500
008 - FIXED-LENGTH DATA ELEMENTS--GENERAL INFORMATION
fixed length control field 230718s9999 xx 000 0 und d
041 ## - LANGUAGE CODE
Language code of text/sound track or separate title eng
082 ## - DEWEY DECIMAL CLASSIFICATION NUMBER
Classification number 519.502
Item number ROS
100 ## - MAIN ENTRY--PERSONAL NAME
Personal name Ross S.M.
9 (RLIN) 114564
245 ## - TITLE STATEMENT
Title Introductory Statistics
250 ## - EDITION STATEMENT
Edition statement 2nd ed.
260 ## - PUBLICATION, DISTRIBUTION, ETC. (IMPRINT)
Date of publication, distribution, etc. 2006
Name of publisher, distributor, etc. Elsevier
300 ## - PHYSICAL DESCRIPTION
Extent 809
365 ## - TRADE PRICE
Currency code Rs.
Price amount 450.00
700 ## - ADDED ENTRY--PERSONAL NAME
Personal name Ross S.M.
9 (RLIN) 114564
906 ## - LOCAL DATA ELEMENT F, LDF (RLIN)
d B:286015-Feb-2007
c OTH
b 90
Holdings
Withdrawn status Lost status Damaged status Not for loan Home library Current library Date acquired Vendor Budget Code Cost, normal purchase price Bill number Total Checkouts Full call number Barcode Date last seen Date last checked out Discount Cost, replacement price Bill Date Koha item type Original Barcode
        Cummins College of Engineering for Women Pune Cummins College of Engineering for Women Pune 16/02/2007 Pradeep Book Distributors OTH 360.00 2860 7 519.502 CCEP-BK-27225 20/01/2026 05/01/2026 90 450.00 15/02/2007 Books 027225